[Event "12. Lichtenberger Sommer"]
[Site "Berlin"]
[Date "2013.07.20"]
[Round "1.31"]
[White "Rehberg, Raphael"]
[Black "Jancke, Manfred"]
[Result "1-0"]
[WhiteElo "2151"]
[BlackElo "1755"]
[PlyCount "133"]
[EventDate "2013.??.??"]
[WhiteTeam "SG Lok Brandenburg, Abt. Schach"]
[BlackTeam "SC Eintracht Berlin e.V."]

1. e4 c5 2. Nf3 d6 3. d4 cxd4 4. Nxd4 Nf6 5. Nc3 a6 6. Be3 Qc7 7. f3 e5 8. Nb3
Be7 9. Qd2 Be6 10. O-O-O Nbd7 11. Qf2 O-O 12. g4 b5 13. g5 Nh5 14. Qh4 g6 15.
Bh3 Rfc8 16. Rd2 b4 17. Nd5 Bxd5 18. Bxd7 Qxd7 19. Rxd5 Qc7 20. Qf2 a5 21. Bb6
Bxg5+ 22. Kb1 Qb8 23. Rxa5 Rxa5 24. Bxa5 Bd8 25. Bxd8 Rxd8 26. Rd1 Nf4 27. Qd2
d5 28. Na5 Qb5 29. Nb3 d4 30. Nc1 Ra8 31. Nd3 Nxd3 32. Qxd3 Qc5 33. h4 Rc8 34.
Qb3 Kg7 35. h5 g5 36. Rd2 Rc7 37. Rg2 Kh6 38. Qd3 Qc4 39. Rh2 f6 40. Rh1 Qxd3
41. cxd3 f5 42. exf5 Rf7 43. Kc2 Rxf5 44. Rh3 Rf8 45. Kb3 Rb8 46. Rh2 Rf8 47.
Kxb4 Rxf3 48. Kc4 g4 49. b4 g3 50. Rg2 Kxh5 51. b5 Kg4 52. Rg1 h5 53. b6 h4 54.
b7 Rf8 55. Rb1 Rb8 56. a4 g2 57. a5 h3 58. a6 h2 59. a7 Rxb7 60. a8=Q h1=Q 61.
Qxb7 Qh2 62. Qe4+ Kg5 63. Qe1 Kf4 64. Qf2+ Kg4 65. Rg1 Kh3 66. Qf3+ Qg3 67.
Qh5+ 1-0

[Event "12. Lichtenberger Sommer"]
[Site "Berlin"]
[Date "2013.07.20"]
[Round "1.32"]
[White "Ziems, Michael"]
[Black "Khorolskyi, Borys"]
[Result "0-1"]
[WhiteElo "1839"]
[BlackElo "2100"]
[PlyCount "66"]
[EventDate "2013.??.??"]
[WhiteTeam "SV Empor Berlin e.V."]
[BlackTeam "vereinslos"]

1. d4 d5 2. c4 e6 3. Nc3 c5 4. cxd5 exd5 5. e3 Nf6 6. Nf3 Nc6 7. Bb5 a6 8.
Bxc6+ bxc6 9. O-O Bd6 10. Na4 c4 11. b3 cxb3 12. Qxb3 O-O 13. Qb6 Qxb6 14. Nxb6
Rb8 15. Nxc8 Rfxc8 16. Nd2 a5 17. Nb3 a4 18. Nc5 Bxc5 19. dxc5 Rb5 20. Ba3 Ne4
21. Rac1 Nd2 22. Rfd1 Nc4 23. Rd3 Rcb8 24. g3 Rb1 25. Rxb1 Rxb1+ 26. Kg2 f5 27.
g4 g6 28. gxf5 gxf5 29. Kg3 Kf7 30. Kf4 Kf6 31. Rc3 Ne5 32. Rc2 Rg1 33. h3 Nd3+
0-1

[Event "12. Lichtenberger Sommer"]
[Site "Berlin"]
[Date "2013.07.20"]
[Round "1.34"]
[White "Boeck, Rüdiger"]
[Black "Kropman, Alexei"]
[Result "0-1"]
[WhiteElo "1829"]
[BlackElo "2085"]
[PlyCount "112"]
[EventDate "2013.??.??"]
[WhiteTeam "SC Weisse Dame Ulm e.V."]
[BlackTeam "SK König Tegel 1949 e.V."]

1. e4 e6 2. d4 d5 3. e5 c5 4. c3 Qb6 5. Nf3 Bd7 6. Qc2 cxd4 7. Nxd4 Nc6 8. Nxc6
bxc6 9. Be3 c5 10. Bd3 Ne7 11. O-O Qc7 12. f4 c4 13. Be2 Nf5 14. Bf2 Bc5 15.
Nd2 Ne3 16. Bxe3 Bxe3+ 17. Kh1 Bc6 18. b3 cxb3 19. Nxb3 Bd7 20. Qd3 Bb6 21. c4
dxc4 22. Qxc4 Qxc4 23. Bxc4 Rc8 24. Be2 Ke7 25. Bf3 Be3 26. g3 Rc2 27. Rfe1 Bb6
28. Be4 Rc4 29. Bg2 h5 30. Rec1 Rxc1+ 31. Rxc1 h4 32. Rc3 hxg3 33. Rxg3 g6 34.
Rh3 Rxh3 35. Bxh3 Be3 36. Bg2 Bxf4 37. Kg1 Bxe5 38. h3 Kd6 39. Kf2 Bc3 40. Ke3
f5 41. Kd3 Bf6 42. Nd2 Bb5+ 43. Kc2 e5 44. Kb3 Kc5 45. a4 Bd7 46. Ka3 Be7 47.
Bf3 Kd4+ 48. Kb3 e4 49. Bd1 Kd3 50. Nf1 Be6+ 51. Kb2 f4 52. Bc2+ Ke2 53. Nh2
Bf5 54. Kc3 Bf6+ 55. Kc4 Kd2 56. Bb1 Kc1 0-1

[Event "12. Lichtenberger Sommer"]
[Site "Berlin"]
[Date "2013.07.20"]
[Round "1.35"]
[White "Krefenstein, Sergej"]
[Black "Körner, Helmut"]
[Result "1-0"]
[WhiteElo "2101"]
[BlackElo "1910"]
[PlyCount "41"]
[EventDate "2013.??.??"]
[WhiteTeam "TuS Makkabi Berlin e.V."]
[BlackTeam "Sfr.Nord-Ost Berlin"]

1. d4 Nf6 2. c4 d6 3. Nf3 Nbd7 4. Nc3 c6 5. e4 e5 6. Be2 Be7 7. O-O O-O 8. h3
Re8 9. d5 Nc5 10. Qc2 a5 11. Be3 Bd7 12. Bxc5 dxc5 13. Nxe5 Bd6 14. Nxd7 Qxd7
15. f4 cxd5 16. cxd5 Bf8 17. Bb5 Qc7 18. Bxe8 Rxe8 19. e5 Nd7 20. d6 Qc6 21.
Qa4 1-0

[Event "12. Lichtenberger Sommer"]
[Site "Berlin"]
[Date "2013.07.20"]
[Round "1.36"]
[White "Lieder, Günter"]
[Black "Mohrmann, Ralf"]
[Result "1/2-1/2"]
[WhiteElo "1884"]
[BlackElo "1996"]
[PlyCount "108"]
[EventDate "2013.??.??"]
[WhiteTeam "SK Turm Bad Hersfeld"]
[BlackTeam "SC Weisse Dame e.V."]

1. c4 Nf6 2. Nc3 e6 3. Nf3 d5 4. cxd5 exd5 5. d4 Be7 6. g3 O-O 7. Bg2 b6 8. O-O
Bb7 9. a3 Nbd7 10. Bf4 c5 11. Re1 Ne4 12. dxc5 Nxc3 13. bxc3 bxc5 14. Qc2 Nf6
15. Rab1 Qc8 16. Ne5 Ne4 17. c4 f6 18. Nf3 g5 19. Bc1 Nd6 20. cxd5 Bxd5 21.
Nxg5 fxg5 22. Bxd5+ Kg7 23. Bb2+ Bf6 24. Bxf6+ Rxf6 25. Bxa8 Qxa8 26. Qxc5 Ne4
27. Qe7+ Rf7 28. Qe5+ Kg6 29. f3 Nf6 30. Rb5 h6 31. Reb1 Qc8 32. Kg2 g4 33.
R1b2 Qc6 34. Rc5 Qd7 35. Rbc2 Re7 36. Qc3 gxf3+ 37. exf3 Qe8 38. Qd3+ Kg7 39.
Rc7 Qf7 40. Rxe7 Qxe7 41. a4 Qb7 42. Qc3 Kg6 43. Qc6 Qb3 44. h4 h5 45. a5 Qe3
46. Qc5 Qd3 47. Qg5+ Kf7 48. Rc7+ Nd7 49. Qxh5+ Ke7 50. Qg5+ Kd6 51. Rxa7 Qe2+
52. Kh3 Qf1+ 53. Kh2 Qf2+ 54. Kh3 Qxa7 1/2-1/2

[Event "12. Lichtenberger Sommer"]
[Site "Berlin"]
[Date "2013.07.20"]
[Round "1.37"]
[White "Stiemerling, Wilfried"]
[Black "Balliere, Arne"]
[Result "1-0"]
[WhiteElo "2158"]
[BlackElo "1743"]
[PlyCount "105"]
[EventDate "2013.??.??"]
[WhiteTeam "BSG Pneumant Fürstenwalde e.V."]
[BlackTeam "Kon. Oostendse SK"]

1. d4 Nf6 2. c4 g6 3. Nc3 d6 4. Nf3 Bg7 5. Bg5 O-O 6. e3 Nbd7 7. Be2 c6 8. O-O
a6 9. a4 Qc7 10. Qc2 Re8 11. Rfd1 Nf8 12. b4 e5 13. dxe5 dxe5 14. Nd2 Bf5 15.
Qb3 h6 16. Bh4 N8h7 17. c5 e4 18. Bg3 Qc8 19. Nc4 Be6 20. Qc2 Bxc4 21. Bxc4 Ng5
22. Qb3 Nh5 23. Rd6 Qf5 24. Rad1 Nxg3 25. hxg3 Re7 26. Ne2 Ne6 27. Bxe6 fxe6
28. Nf4 Rae8 29. R1d2 g5 30. g4 Qf7 31. Nh5 Be5 32. Rd8 Rxd8 33. Rxd8+ Re8 34.
Rd2 Qe7 35. Qd1 Bc7 36. Rd7 Rd8 37. Rxd8+ Qxd8 38. Qxd8+ Bxd8 39. Ng3 a5 40.
bxa5 Bxa5 41. Nxe4 b6 42. cxb6 Bxb6 43. Kf1 Kf7 44. Ke2 e5 45. Kd3 Ke6 46. Kc4
Ke7 47. Ng3 Kf6 48. Nf1 Ke6 49. Nd2 Ba5 50. Nb3 Be1 51. Nc5+ Kd6 52. f3 Bf2 53.
Ne4+ 1-0

[Event "12. Lichtenberger Sommer"]
[Site "Berlin"]
[Date "2013.07.20"]
[Round "1.38"]
[White "Schüler, Wolfgang"]
[Black "Mahn, Franko"]
[Result "0-1"]
[WhiteElo "1880"]
[BlackElo "2172"]
[PlyCount "70"]
[EventDate "2013.??.??"]
[WhiteTeam "SC Friesen Lichtenberg e.V."]
[BlackTeam "SC Weisse Dame e.V."]

1. e4 Nf6 2. e5 Nd5 3. Nf3 d6 4. c4 Nb6 5. exd6 cxd6 6. d4 g6 7. Nc3 Bg7 8. Be3
O-O 9. Rc1 Nc6 10. Qd2 Bg4 11. b3 Bxf3 12. gxf3 d5 13. c5 Nc8 14. f4 e6 15. h4
Qf6 16. Rd1 N8e7 17. Bb5 h5 18. Ne2 Nf5 19. Bxc6 bxc6 20. Ng3 Nxh4 21. Qe2 Nf5
22. Qf3 Rfb8 23. Rd3 a5 24. Qd1 a4 25. bxa4 Rb4 26. a5 Nxg3 27. fxg3 Qf5 28.
Rb3 Rxb3 29. axb3 Qe4 30. Kf2 Rxa5 31. Re1 Rb5 32. Re2 Rb4 33. Rd2 f6 34. Rd3
e5 35. fxe5 fxe5 0-1

[Event "12. Lichtenberger Sommer"]
[Site "Berlin"]
[Date "2013.07.20"]
[Round "1.39"]
[White "Hahlbohm, Matthias"]
[Black "Schönberger, Kay"]
[Result "1-0"]
[WhiteElo "2115"]
[BlackElo "1891"]
[PlyCount "55"]
[EventDate "2013.??.??"]
[WhiteTeam "TSG Oberschöneweide e.V."]
[BlackTeam "SV Koblenz 03/25"]

1. e4 d6 2. d4 Nf6 3. Nc3 g6 4. Be3 Bg7 5. f3 O-O 6. Qd2 Nbd7 7. g4 b6 8. h4 c5
9. d5 Ne5 10. h5 a6 11. Bh6 Bxh6 12. Qxh6 Qe8 13. O-O-O Kh8 14. Be2 Rg8 15.
hxg6 fxg6 16. Nh3 Qf7 17. Ng5 Qg7 18. Qh4 Rf8 19. Rdg1 Kg8 20. f4 Nf7 21. Ne6
Bxe6 22. dxe6 Nd8 23. g5 Nh5 24. Bxh5 gxh5 25. f5 Kh8 26. Qxh5 Nc6 27. f6 exf6
28. gxf6 1-0

[Event "12. Lichtenberger Sommer"]
[Site "Berlin"]
[Date "2013.07.20"]
[Round "1.40"]
[White "Schräpel, Manfred"]
[Black "Stark, Ingo"]
[Result "0-1"]
[WhiteElo "1903"]
[BlackElo "2134"]
[PlyCount "158"]
[EventDate "2013.??.??"]
[WhiteTeam "BSV 63 Chemie Weißensee"]
[BlackTeam "TSG Oberschöneweide e.V."]

1. d4 b5 2. Nf3 Bb7 3. e3 a6 4. Bd3 Nf6 5. Nbd2 e6 6. O-O c5 7. c3 Qb6 8. Re1
Nc6 9. a3 Be7 10. b4 d6 11. bxc5 dxc5 12. Rb1 O-O 13. Bb2 c4 14. Bf1 Nd5 15.
Ba1 Qc7 16. e4 Nb6 17. Qc1 Rab8 18. g3 Rfd8 19. Bg2 Bf8 20. Bb2 Rbc8 21. Qc2
Ne7 22. Bc1 Na4 23. Ra1 Qa5 24. Nb1 Nc6 25. Be3 Nb8 26. Rd1 Nd7 27. Bf4 h6 28.
h4 Nf6 29. Ne5 Bd6 30. Bf3 Bf8 31. Kg2 Nd7 32. Ng4 Be7 33. Ra2 Nf8 34. Be3 Ng6
35. Bd2 Bf8 36. Be3 Ne7 37. Rh1 f6 38. Bd2 Bc6 39. Ne3 Qc7 40. Re1 Qb7 41. Nf1
Kh8 42. Nh2 Ng8 43. Re3 Qf7 44. Kg1 h5 45. Qd1 g6 46. Bg2 a5 47. f4 Qb7 48. Re2
f5 49. Qe1 Kg7 50. e5 Ne7 51. Nf1 Bxg2 52. Rxg2 Nd5 53. Ne3 Nab6 54. Nxd5 Nxd5
55. Rb2 Qc6 56. Qe2 Rd7 57. Kf2 Rb7 58. Rg1 Be7 59. Rc1 Rcc7 60. Be1 Rc8 61.
Ra2 Qe8 62. Qf3 Rcc7 63. Bd2 b4 64. axb4 axb4 65. cxb4 Bxb4 66. Nc3 Bxc3 67.
Bxc3 Rb3 68. Rac2 Ra7 69. Qe2 Ra4 70. Qd2 Qb5 71. Qe1 Raa3 72. Qd2 Qb6 73. Ke2
Qb7 74. Kf2 Rb1 75. Bb2 Rxc1 76. Bxa3 Rh1 77. Rb2 Qc6 78. Qa5 Ne7 79. Rb6 Rh2+
0-1

[Event "12. Lichtenberger Sommer"]
[Site "Berlin"]
[Date "2013.07.20"]
[Round "1.41"]
[White "Heuser, Philip"]
[Black "Napoli, Ferdinando"]
[Result "1-0"]
[WhiteElo "2123"]
[BlackElo "1732"]
[PlyCount "63"]
[EventDate "2013.??.??"]
[WhiteTeam "SG Heidelberg-Kirchheim"]
[BlackTeam "C.S. Scacco Matto Como"]

1. c4 g6 2. Nc3 Bg7 3. g3 c6 4. Bg2 d6 5. Nf3 Nf6 6. O-O O-O 7. d4 Qa5 8. e4
Nbd7 9. h3 e5 10. Re1 Re8 11. Re2 exd4 12. Nxd4 Ne5 13. Nb3 Qc7 14. c5 dxc5 15.
f4 Nc4 16. Nxc5 Rd8 17. Qc2 Bf8 18. Nd3 Qb6+ 19. Kh2 Qd4 20. Ne1 Qb6 21. Nf3
Qc7 22. b3 Nb6 23. Bb2 Bg7 24. Rc1 Qe7 25. e5 Nfd5 26. Ne4 Bf5 27. Nd4 Bxe4 28.
Qxe4 Re8 29. Rce1 Rad8 30. f5 Qg5 31. Bc1 Qe7 32. f6 1-0

[Event "12. Lichtenberger Sommer"]
[Site "Berlin"]
[Date "2013.07.20"]
[Round "1.43"]
[White "Cusnariov, Nikolai"]
[Black "Matitschka, Heinz"]
[Result "1-0"]
[WhiteElo "2154"]
[BlackElo "1774"]
[PlyCount "125"]
[EventDate "2013.??.??"]
[WhiteTeam "USV Potsdam e.V., Abt. Schach"]
[BlackTeam "TSG Oberschöneweide e.V."]

1. e4 e6 2. d4 d5 3. Nd2 c5 4. exd5 Qxd5 5. Ngf3 Nc6 6. Bc4 Qd8 7. O-O Nf6 8.
Nb3 cxd4 9. Nbxd4 Nxd4 10. Qxd4 Qxd4 11. Nxd4 Bd7 12. Bf4 Rc8 13. Bb3 Bc5 14.
Rad1 O-O 15. Rfe1 Rfd8 16. Bg5 h6 17. Bh4 Kh8 18. h3 Be8 19. c3 b5 20. Nf3 Rxd1
21. Rxd1 Ne4 22. Bc2 f5 23. Bxe4 fxe4 24. Nd4 e5 25. Nb3 Bb6 26. Re1 Bc6 27.
Bg3 Rf8 28. Nd2 e3 29. fxe3 Rd8 30. Nb3 Rd3 31. Bxe5 Bxe3+ 32. Kh2 Bb6 33. Re2
Rd1 34. Nd4 Bd5 35. b3 b4 36. Nf5 bxc3 37. Bxg7+ Kh7 38. Bxc3 Bg1+ 39. Kh1 Bb6+
40. Be1 Ba5 41. Ne3 Rxe1+ 42. Rxe1 Bxe1 43. Nxd5 Kg6 44. g4 Kf7 45. Kg2 Ke6 46.
Nf4+ Kd6 47. Kf3 Bh4 48. Ke4 Kc5 49. Nd3+ Kd6 50. b4 Bg5 51. a4 Bd2 52. h4 Bc3
53. g5 hxg5 54. hxg5 Bd2 55. g6 Bc3 56. b5 Ke6 57. Nf4+ Kd6 58. Nd5 Bb2 59. a5
Kc5 60. b6 axb6 61. Nxb6 Kb5 62. Nc4 Bc3 63. Ne5 1-0

[Event "12. Lichtenberger Sommer"]
[Site "Berlin"]
[Date "2013.07.20"]
[Round "1.46"]
[White "Mueller, Johannes"]
[Black "Kollberg, Lothar"]
[Result "0-1"]
[WhiteElo "1835"]
[BlackElo "2214"]
[PlyCount "84"]
[EventDate "2013.??.??"]
[WhiteTeam "SC Friesen Lichtenberg e.V."]
[BlackTeam "SC Rotation Pankow e.V."]

1. e4 g6 2. d4 Bg7 3. g3 c5 4. c3 cxd4 5. cxd4 Qb6 6. Ne2 Nc6 7. Be3 Qxb2 8.
Nbc3 Nxd4 9. Bxd4 Bxd4 10. Nd5 Qxa1 11. Nc7+ Kd8 12. Qxa1 Bxa1 13. Nxa8 b5 14.
Bg2 Bb7 15. O-O Bg7 16. e5 Bxg2 17. Kxg2 Bxe5 18. Rb1 a6 19. a4 bxa4 20. Nb6 a3
21. Rc1 e6 22. Nc4 Bc7 23. Nxa3 Ne7 24. Rc4 d5 25. Ra4 a5 26. Nb5 Nc6 27. Ned4
Nxd4 28. Nxd4 Kd7 29. Nb3 Ra8 30. f4 Bb6 31. Kf3 f6 32. Nc1 e5 33. fxe5 fxe5
34. Rh4 h5 35. g4 Bd8 36. Rh3 h4 37. Ke2 a4 38. Ra3 Be7 39. Ra2 a3 40. Nd3 Ke6
41. Ke3 g5 42. Ke2 e4 0-1

[Event "12. Lichtenberger Sommer"]
[Site "Berlin"]
[Date "2013.07.20"]
[Round "1.48"]
[White "Acikel, Mert"]
[Black "Amelang, Thomas"]
[Result "1/2-1/2"]
[WhiteElo "1741"]
[BlackElo "2136"]
[PlyCount "51"]
[EventDate "2013.??.??"]
[WhiteTeam "VfB Hermsdorf e.V."]
[BlackTeam "SK Siemens München"]

1. e4 d6 2. d4 g6 3. Nf3 Bg7 4. Nc3 Nf6 5. Bd3 c6 6. O-O O-O 7. Qe2 Qc7 8. Bd2
e5 9. dxe5 dxe5 10. Rad1 Nbd7 11. h3 Nc5 12. Be3 Ne6 13. Bc4 b5 14. Bxe6 Bxe6
15. Bc5 Bc4 16. Qe3 Bxf1 17. Bxf8 Bxf8 18. Kxf1 h6 19. a3 Rb8 20. Na2 a5 21. b4
c5 22. bxa5 b4 23. axb4 cxb4 24. Qb3 Qxa5 25. Qb2 Re8 26. Re1 1/2-1/2

[Event "12. Lichtenberger Sommer"]
[Site "Berlin"]
[Date "2013.07.20"]
[Round "1.49"]
[White "Burger, Heinrich"]
[Black "Alvarez, Luis"]
[Result "1-0"]
[WhiteElo "2120"]
[BlackElo "1902"]
[PlyCount "89"]
[EventDate "2013.??.??"]
[WhiteTeam "VfB Hermsdorf e.V."]
[BlackTeam "Schachclub Zug um Zug Everswinke"]

1. d4 d5 2. Nf3 Nd7 3. g3 Ngf6 4. Bg2 e6 5. O-O Bd6 6. c4 c6 7. Nbd2 O-O 8. Qc2
Re8 9. b3 e5 10. dxe5 Nxe5 11. Bb2 Nxf3+ 12. Nxf3 dxc4 13. bxc4 h6 14. Rad1 Qe7
15. h3 Bc5 16. e3 Ne4 17. Nd4 Ng5 18. Nf5 Bxf5 19. Qxf5 Bb6 20. h4 Ne6 21. Be4
Nf8 22. Qg4 g6 23. Bc2 Rad8 24. Qf4 Rxd1 25. Rxd1 Kh7 26. Bf6 Qc7 27. Qf3 Kg8
28. h5 g5 29. Qg4 Qc8 30. Bf5 Qc7 31. Kg2 c5 32. e4 Qc6 33. Bc3 Rd8 34. Rd5 Ne6
35. Bxe6 Qxe6 36. Qf3 Rxd5 37. cxd5 Qe7 38. e5 Bd8 39. Qf5 b5 40. e6 b4 41. Be5
c4 42. f4 c3 43. fxg5 hxg5 44. h6 fxe6 45. Qg6+ 1-0

[Event "12. Lichtenberger Sommer"]
[Site "Berlin"]
[Date "2013.07.20"]
[Round "1.50"]
[White "Bandsom, Olaf"]
[Black "Heerde, Thomas"]
[Result "0-1"]
[WhiteElo "1808"]
[BlackElo "2011"]
[PlyCount "86"]
[EventDate "2013.??.??"]
[WhiteTeam "SC Friesen Lichtenberg e.V."]
[BlackTeam "SC Weisse Dame e.V."]

1. e4 c5 2. Nf3 g6 3. d4 cxd4 4. Nxd4 Nf6 5. Nc3 Nc6 6. Be3 Bg7 7. Be2 O-O 8.
O-O d5 9. exd5 Nb4 10. Nb3 Nfxd5 11. Nxd5 Nxd5 12. Bd4 Nf4 13. Bf3 Bxd4 14.
Qxd4 Qxd4 15. Nxd4 e5 16. Ne2 Nxe2+ 17. Bxe2 Bf5 18. Rac1 Rfd8 19. g4 Be6 20.
b3 Rd2 21. Rfe1 Rc8 22. Bd3 Bxg4 23. Bc4 Rc5 24. Re3 Bf5 25. Rce1 b5 26. Bf1
Rcxc2 27. Rxe5 a6 28. a4 bxa4 29. bxa4 Rxf2 30. Be2 Rf4 31. a5 Ra2 32. Bxa6
Rg4+ 33. Kf1 Rga4 34. Be2 Rxa5 35. Rxa5 Rxa5 36. Kf2 Ra2 37. Kg3 Be6 38. Bf1
Kg7 39. Bg2 h5 40. h4 Ra3+ 41. Kh2 Bf5 42. Rh1 Ra2 43. Kg3 Rxg2+ 0-1

[Event "12. Lichtenberger Sommer"]
[Site "Berlin"]
[Date "2013.07.20"]
[Round "1.51"]
[White "Godoj, Veit"]
[Black "Birkholz, Axel"]
[Result "1/2-1/2"]
[WhiteElo "2045"]
[BlackElo "1857"]
[PlyCount "76"]
[EventDate "2013.??.??"]
[WhiteTeam "SV Königsjäger Süd-West e.V."]
[BlackTeam "SV Trossingen"]

1. d4 d5 2. Bf4 Nf6 3. e3 c5 4. c3 Nc6 5. Nd2 cxd4 6. exd4 Qb6 7. Qb3 Bf5 8.
Qxb6 axb6 9. Ngf3 e6 10. h3 Be7 11. Nh4 Be4 12. Bc7 O-O 13. Nhf3 Bxf3 14. Nxf3
Nd7 15. Bd3 Rfc8 16. Bf4 Na5 17. Nd2 Nf6 18. O-O Nc4 19. Nxc4 dxc4 20. Be2 b5
21. Bf3 Nd5 22. Bxd5 exd5 23. Rfe1 Re8 24. a3 f6 25. Re6 Ra6 26. Rae1 Kf7 27.
R6e2 Raa8 28. Kf1 Bf8 29. Bc7 Rxe2 30. Rxe2 Re8 31. Rc2 h5 32. Ba5 g5 33. Bb4
Bxb4 34. axb4 f5 35. Rc1 Re6 36. g3 Kf6 37. Ra1 Ra6 38. Re1 Re6 1/2-1/2

[Event "12. Lichtenberger Sommer"]
[Site "Berlin"]
[Date "2013.07.20"]
[Round "1.52"]
[White "Herrmann, Eberhard"]
[Black "Püschel, Werner"]
[Result "0-1"]
[WhiteElo "1861"]
[BlackElo "2106"]
[PlyCount "80"]
[EventDate "2013.??.??"]
[WhiteTeam "SC Friesen Lichtenberg e.V."]
[BlackTeam "SG Lasker Steglitz-Wilmersdorf"]

1. e4 c5 2. Nc3 e6 3. d3 a6 4. f4 Nc6 5. Nf3 b5 6. a3 Bb7 7. Be2 Nd4 8. Nxd4
cxd4 9. Nb1 Rc8 10. O-O Qc7 11. c3 Bc5 12. Kh1 Nf6 13. Bd2 O-O 14. cxd4 Bxd4
15. Nc3 d5 16. Rc1 Qb6 17. e5 Nd7 18. Qe1 Nc5 19. Qd1 a5 20. b3 Rc7 21. a4 Ba6
22. axb5 Bxb5 23. Na4 Nxa4 24. bxa4 Rxc1 25. Bxc1 Bd7 26. Bd2 Ra8 27. Qc2 Bc5
28. Rb1 Bb4 29. Qb3 Rb8 30. Bxb4 axb4 31. Rf1 Ra8 32. Ra1 Qd4 33. Ra2 Qxf4 34.
g3 Qd4 35. a5 g6 36. Bf1 Bb5 37. Qb2 Qc3 38. Qxc3 bxc3 39. Rc2 d4 40. Ra2 Ba6
0-1

[Event "12. Lichtenberger Sommer"]
[Site "Berlin"]
[Date "2013.07.20"]
[Round "1.53"]
[White "Schildt, Rene"]
[Black "Kohlmeyer, Dagobert"]
[Result "0-1"]
[WhiteElo "2053"]
[BlackElo "1892"]
[PlyCount "72"]
[EventDate "2013.??.??"]
[WhiteTeam "SC Zugzwang 95 e.V."]
[BlackTeam "SC Rochade e.V."]

1. e4 e6 2. d4 d5 3. Nc3 Bb4 4. e5 c5 5. a3 Bxc3+ 6. bxc3 Ne7 7. Qg4 Qc7 8.
Qxg7 Rg8 9. Qxh7 cxd4 10. Ne2 dxc3 11. f4 Nbc6 12. h4 d4 13. h5 Bd7 14. h6
O-O-O 15. Rb1 Ng6 16. Qxf7 Ngxe5 17. fxe5 Nxe5 18. Qf2 d3 19. Qxa7 dxc2 20.
Qa8+ Qb8 21. Qxb8+ Kxb8 22. Rxb7+ Kxb7 23. Nxc3 Bc6 24. h7 Rh8 25. Rh3 Rd7 26.
Re3 Ng4 27. Re2 Rhxh7 28. Rxc2 Rh1 29. Rb2+ Kc7 30. Bf4+ e5 31. Bg3 Rd3 32. Ne2
Bxg2 33. Rc2+ Kd7 34. Nf4 Rxf1+ 35. Ke2 Re3+ 36. Kd2 exf4 0-1

[Event "12. Lichtenberger Sommer"]
[Site "Berlin"]
[Date "2013.07.20"]
[Round "1.54"]
[White "Lübke, Thomas"]
[Black "Millward, Kevin P"]
[Result "1/2-1/2"]
[WhiteElo "1964"]
[BlackElo "1920"]
[PlyCount "105"]
[EventDate "2013.??.??"]
[WhiteTeam "FVS ASP Hoyerswerda"]
[BlackTeam "Athenaeum Chess Club London"]

1. Nf3 g6 2. c4 Bg7 3. Nc3 d6 4. e3 e5 5. d4 Nc6 6. Be2 f5 7. dxe5 Nxe5 8. Nxe5
Bxe5 9. Bd2 Be6 10. O-O Ne7 11. f4 Bg7 12. e4 O-O 13. Bd3 c6 14. Qe2 Qd7 15.
Rae1 Rae8 16. Qf2 b6 17. Qg3 fxe4 18. Nxe4 Bxb2 19. Ng5 Nf5 20. Bxf5 Bxf5 21.
Bc3 Bxc3 22. Qxc3 Qg7 23. Qd2 Qf6 24. h3 h6 25. Nf3 Be4 26. Nd4 d5 27. cxd5
Bxd5 28. Nf3 Rxe1 29. Nxe1 Kg7 30. Kh2 Re8 31. Nf3 Bxf3 32. Rxf3 c5 33. Rd3 Re7
34. Rd6 Qf7 35. g3 Kh7 36. a3 Qc4 37. Rd7 Qe6 38. Rxe7+ Qxe7 39. Qd5 Qe2+ 40.
Kg1 Qe3+ 41. Kg2 Qe2+ 42. Kg1 Qe7 43. h4 Kg7 44. Kf2 b5 45. h5 a5 46. hxg6 b4
47. axb4 axb4 48. f5 h5 49. Kg2 Kf6 50. Kf3 Kg7 51. Kf4 Qc7+ 52. Kf3 Qe7 53.
Kf4 1/2-1/2

[Event "12. Lichtenberger Sommer"]
[Site "Berlin"]
[Date "2013.07.20"]
[Round "1.55"]
[White "Guenther, Thomas"]
[Black "Fuchs, Jörg"]
[Result "1/2-1/2"]
[WhiteElo "2088"]
[BlackElo "1862"]
[PlyCount "86"]
[EventDate "2013.??.??"]
[WhiteTeam "SV Senat"]
[BlackTeam "SC Kreuzberg e.V."]

1. d4 f5 2. Nf3 Nf6 3. c4 e6 4. g3 d5 5. Bg2 Be7 6. O-O O-O 7. Qc2 Nc6 8. a3 a5
9. e3 Qe8 10. b3 Qh5 11. Nc3 g5 12. Nb5 Bd8 13. Bb2 Ne4 14. Ne1 Bd7 15. Nc3
Nxc3 16. Bxc3 Ne7 17. Nd3 Rf6 18. Qd1 Qh6 19. Ne5 Be8 20. Qd2 c6 21. c5 Qh5 22.
f3 Ng6 23. Nxg6 Rxg6 24. e4 Rh6 25. Bh1 Bc7 26. e5 Qg6 27. Rf2 b6 28. b4 axb4
29. axb4 Rxa1+ 30. Bxa1 bxc5 31. bxc5 Kh8 32. Bb2 f4 33. gxf4 gxf4+ 34. Rg2
Qb1+ 35. Qc1 Qf5 36. Rg4 Rg6 37. Rxg6 hxg6 38. Bg2 g5 39. Qf1 Qc2 40. Qf2 Qd1+
41. Qf1 Qd2 42. Qf2 Qd1+ 43. Qf1 Qd2 1/2-1/2

[Event "12. Lichtenberger Sommer"]
[Site "Berlin"]
[Date "2013.07.20"]
[Round "1.56"]
[White "Lohse, Steffen"]
[Black "Nötzel, Felix"]
[Result "1/2-1/2"]
[WhiteElo "1897"]
[BlackElo "2076"]
[PlyCount "103"]
[EventDate "2013.??.??"]
[WhiteTeam "SV Osram"]
[BlackTeam "SC Borussia Friedrichsfelde 1920"]

1. d4 d5 2. e3 e6 3. Bd3 f5 4. f4 Nf6 5. Nf3 Be7 6. Nbd2 O-O 7. O-O b6 8. Qe2
a5 9. a4 Ba6 10. Ne5 Bxd3 11. Qxd3 Qe8 12. Qe2 c5 13. c3 Ra7 14. b3 Rc7 15. Bb2
Nbd7 16. Qf3 Ne4 17. Nxe4 fxe4 18. Qe2 Bf6 19. Nxd7 Qxd7 20. Rac1 Rfc8 21. Qb5
Qxb5 22. axb5 cxd4 23. cxd4 Rc2 24. Rxc2 Rxc2 25. Rf2 Rc8 26. Rf1 Kf7 27. Rc1
Rxc1+ 28. Bxc1 g5 29. g3 gxf4 30. gxf4 Be7 31. Bd2 Kg6 32. Kg2 Kh5 33. Be1 Ba3
34. Kh3 Bc1 35. Bf2 Bd2 36. Kg3 Bb4 37. Kh3 Bc3 38. Kg3 Bd2 39. Kh3 Kg6 40. Kg4
Bc1 41. Kg3 Kf5 42. Kh4 Bd2 43. h3 Bc3 44. Kg3 Bb2 45. Bg1 Ba1 46. Bf2 Bc3 47.
Bg1 Be1+ 48. Bf2 Bb4 49. Bg1 Be7 50. Kg2 Kg6 51. Bf2 Kh5 52. Kh2 1/2-1/2

[Event "12. Lichtenberger Sommer"]
[Site "Berlin"]
[Date "2013.07.20"]
[Round "1.57"]
[White "Penner, Markus"]
[Black "Sidabras, Jonas"]
[Result "1-0"]
[WhiteElo "2026"]
[BlackElo "1687"]
[PlyCount "74"]
[EventDate "2013.??.??"]
[WhiteTeam "SK Zehlendorf e.V."]
[BlackTeam "SC Kreuzberg e.V."]

1. e4 e6 2. d4 d5 3. Nc3 Nc6 4. Nf3 Nf6 5. Bg5 Be7 6. e5 Ne4 7. Bxe7 Qxe7 8.
Bd3 Qb4 9. O-O Nxc3 10. bxc3 Qxc3 11. Rb1 Qa3 12. c4 dxc4 13. Bxc4 O-O 14. Ng5
h6 15. Ne4 b6 16. Rb3 Qe7 17. Rh3 f6 18. exf6 Rxf6 19. Nxf6+ Qxf6 20. d5 Na5
21. Be2 Rb8 22. d6 cxd6 23. Qxd6 Rb7 24. Rc1 Bd7 25. Ba6 Qg5 26. Rhc3 Bc6 27.
Rxc6 Nxc6 28. Qxc6 Rb8 29. Qxe6+ Kh8 30. Rc8+ Rxc8 31. Qxc8+ Kh7 32. Bd3+ g6
33. Qd7+ Kh8 34. Qe8+ Kg7 35. g3 Qc1+ 36. Kg2 Qg5 37. Be4 a5 1-0

[Event "12. Lichtenberger Sommer"]
[Site "Berlin"]
[Date "2013.07.20"]
[Round "1.58"]
[White "Jansen, Robert"]
[Black "Hertwig, Christopher"]
[Result "0-1"]
[WhiteElo "1771"]
[BlackElo "2052"]
[PlyCount "66"]
[EventDate "2013.??.??"]
[WhiteTeam "SC Kreuzberg e.V."]
[BlackTeam "SK König Tegel 1949 e.V."]

1. d4 Nf6 2. c4 g6 3. Nc3 d5 4. Bg5 Ne4 5. Bf4 Nxc3 6. bxc3 Bg7 7. e3 c5 8. Nf3
O-O 9. Qb3 dxc4 10. Bxc4 Nc6 11. Ng5 e6 12. Be2 cxd4 13. Nf3 e5 14. Bg3 d3 15.
Bd1 e4 16. Nd2 Qa5 17. Rc1 Be6 18. Qb2 Bxa2 19. Nxe4 Bd5 20. Bf3 Bxe4 21. Bxe4
Rfd8 22. O-O d2 23. Rcd1 Bxc3 24. Qxb7 Ne5 25. f4 Rab8 26. Qe7 Re8 27. Qh4 Nc4
28. f5 Nxe3 29. fxg6 hxg6 30. Bxb8 Qb6 31. Qf2 Nxd1 32. Qxb6 axb6 33. Rxd1 Rxe4
0-1

[Event "12. Lichtenberger Sommer"]
[Site "Berlin"]
[Date "2013.07.20"]
[Round "1.59"]
[White "Badestein, Hartmut"]
[Black "Schrodt, Horst"]
[Result "1-0"]
[WhiteElo "2083"]
[BlackElo "1753"]
[PlyCount "33"]
[EventDate "2013.??.??"]
[WhiteTeam "SC Friesen Lichtenberg e.V."]
[BlackTeam "SC Eintracht Berlin e.V."]

1. e4 c6 2. Nc3 d5 3. Nf3 dxe4 4. Nxe4 Bf5 5. Ng3 Bg6 6. h4 h6 7. Ne5 Qd6 8.
Nxg6 Qxg6 9. d4 Nd7 10. Bd3 Qe6+ 11. Be3 Ngf6 12. Qe2 Nb6 13. c4 g6 14. h5 Ng4
15. hxg6 fxg6 16. d5 cxd5 17. Bxb6 1-0